000 00628nam a22002057a 4500
003 OSt
005 20140310181714.0
008 121213t xxu||||| |||| 00| 0 eng d
020 _a9718686053
050 _aFIL
_b.G985 1994
082 _aJQ1469.C1 .
100 _aGutierrez, Eric
245 _aThe Ties that bind : a guide to family business and other interests in the Ninth House of Representative
_cGutierrez, Eric.
260 _aPasig,Metro Manila :
_b Philippine Center for Investigative Journalism,
_cc1994
300 _a383 p. ;
_c23 cm.
562 _e1
650 _aBusiness
942 _2lcc
_cBK
999 _c1703
_d1703